000 00310nam a22001457a 4500
008 230926b ||||| |||| 00| 0 eng d
020 _a9781555534392
041 _aeng
080 _a618
082 _a618RAP
100 _a13
101 _aGJINEKO
245 _aSAVING BERNICE
_cRAPHAEL.J
942 _2udc
_cBK
999 _c60408
_d60408